Normal view MARC view

Entry Personal Name

Number of records used in: 1

001 - CONTROL NUMBER

  • control field: 14899

003 - CONTROL NUMBER IDENTIFIER

  • control field: OSt

005 - DATE AND TIME OF LATEST TRANSACTION

  • control field: 20250307024846.0

008 - FIXED-LENGTH DATA ELEMENTS

  • fixed length control field: 250307|| aca||aabn | a|a d

040 ## - CATALOGING SOURCE

  • Original cataloging agency: OSt
  • Transcribing agency: OSt

100 ## - HEADING--PERSONAL NAME

  • Personal name: Berbie, Lucila C., author

670 ## - SOURCE DATA FOUND

  • Source citation: Work cat.: (OSt): Castillo, Jaybenson A., author. 14898, Factors affecting the study habits and work attitudes of evening class students in cavite state university-rosario, rosario, cavite s.y. 2005-2006, 2006